000 00297nam a2200133Ia 4500
100 _aModi/P.N/ Seth/ S.M
942 _cBK
654 _aHydraluice
245 _aHydraulies & Fluid Machine
260 _bStandard Book House
_aDelhi
_c1985
082 _a532
300 _a1392
546 _aENGLISH
999 _c24519
_d24519